Équipe de France à la Coupe du Monde 2018 par images - Statistiques

Statistiques générales
  • Ce quiz a été pris 108 fois
  • Le résultat moyen est 21 sur 24
Statistiques - réponses
Par images Hint Réponse % Correct
Antoine Griezmann
100%
Kylian Mbappé
100%
Olivier Giroud
99%
Benjamin Pavard
98%
N'golo Kanté
98%
Ousmane Dembélé
98%
Hugo Lloris
97%
Paul Pogba
97%
Lucas Hernandez
95%
Raphaël Varane
95%
Adil Rami
94%
Sélectionneur Didier Deschamps
94%
Samuel Umtiti
92%
Presnel Kimpembe
90%
Corentin Tolisso
86%
Florian Thauvin
86%
Steve Mandanda
86%
Alphonse Areola
85%
Blaise Matuidi
85%
Nabil Fekir
82%
Steven Nzonzi
73%
Thomas Lemar
68%
Benjamin Mendy
67%
Djibril Sidibé
67%
Aucun quiz correspondant
Distribution des résultats
% des personnes avec chaque résultat
Percentile par nombre de réponses
Votre historique - résultats
Vous n’avez pas pris ce quiz